000 01321cam a2200373 a 4500
001 1995
003 FISKH
005 20231024154356.0
008 040716s2005 gaua b 000 1 eng
010 _a 2004016711
020 _a1561453293
020 _a9781561455317
040 _aDLC
_cDLC
_dDLC
_beng
042 _alcac
050 0 0 _aPZ7.U3257
_bDad 2005
082 0 0 _a813.54
_222
100 1 _aUhlberg, Myron.
245 1 0 _aDad, Jackie, and me /
_cMyron Uhlberg ; illustrated by Colin Bootman.
260 _aNew York :
_bPeachtree,
_c2005.
300 _a32 unnumbered pages :
_bcolor illustrations ;
_c28 cm
505 _aO
520 _aIn Brooklyn, New York, in 1947, a boy learns about discrimination and tolerance as he and his deaf father share their enthusiasm over baseball and the Dodgers' first baseman, Jackie Robinson.
521 8 _a610
_bLexile
521 8 _aO
_bRaz-Plus
600 1 1 _aRobinson, Jackie,
_d1919-1972
_vFiction.
610 2 1 _aBrooklyn Dodgers (Baseball team)
_vFiction.
650 1 _aBaseball
_vFiction.
650 1 _aDeaf
_vFiction.
650 1 _aToleration
_vFiction.
651 1 _aBrooklyn (New York, N.Y.)
_xHistory
_y20th century
_vFiction.
700 1 _aBootman, Colin,
_eillustrator
906 _a7
_bcbc
_corignew
_d1
_eecip
_f20
_gy-gencatlg
942 _2ddc
_cBK
_n0
999 _c1995
_d1995